Amrut-Tushar (Record no. 1397633)

MARC details
000 -LEADER
fixed length control field 00630nam a2200289Ia 4500
008 - FIXED-LENGTH DATA ELEMENTS--GENERAL INFORMATION
fixed length control field 160716s9999||||xx |||||||||||||| ||und||
040 ## - CATALOGING SOURCE
Transcribing agency Marathi
082 ## - DEWEY DECIMAL CLASSIFICATION NUMBER
Classification number XV.E/Arvikar
082 ## - DEWEY DECIMAL CLASSIFICATION NUMBER
Item number BORI-64695
100 ## - MAIN ENTRY--PERSONAL NAME
Personal name Arvikar
245 ## - TITLE STATEMENT
Title Amrut-Tushar
260 ## - PUBLICATION, DISTRIBUTION, ETC. (IMPRINT)
Place of publication, distribution, etc Bombay
260 ## - PUBLICATION, DISTRIBUTION, ETC. (IMPRINT)
Name of publisher, distributor, etc Sangati Prakashan Samiti
300 ## - PHYSICAL DESCRIPTION
Extent 262
300 ## - PHYSICAL DESCRIPTION
Other physical details 1
300 ## - PHYSICAL DESCRIPTION
Dimensions A
300 ## - PHYSICAL DESCRIPTION
Accompanying material Paperback
530 ## - ADDITIONAL PHYSICAL FORM AVAILABLE NOTE
Uniform Resource Identifier <a href="00064695.pdf">00064695.pdf</a>
563 ## - BINDING INFORMATION
Binding note Reference
600 ## - SUBJECT ADDED ENTRY--PERSONAL NAME
Personal name Arvikar
630 ## - SUBJECT ADDED ENTRY--UNIFORM TITLE
Uniform title Amrut-Tushar
650 ## - SUBJECT ADDED ENTRY--TOPICAL TERM
Topical term or geographic name as entry element Collected work
650 ## - SUBJECT ADDED ENTRY--TOPICAL TERM
Topical term or geographic name as entry element Reference
700 ## - ADDED ENTRY--PERSONAL NAME
Personal name Arvikar
730 ## - ADDED ENTRY--UNIFORM TITLE
Uniform title Amrut-Tushar
942 ## - ADDED ENTRY ELEMENTS (KOHA)
Koha item type Book

No items available.